Fifa 12 Player Overall 85+ - Statistiken

Allgemein
  • Dieses Quiz wurde 73 mal gespielt
  • Das Durchschnittsergebnis liegt bei 45 aus 63
Antwortstatistiken
Overall Verein Position Nationalität Alter Antwort % Korrekt
92 Real Madrid LW Portugal 26 Cristiano Ronaldo
100%
94 FC Barcelona CF Argentinien 24 Lionel Messi
100%
91 FC Barcelona CAM Spanien 27 Andres Iniesta
98%
87 FC Bayern München GK Deutschland 25 Manuel Neuer
98%
89 FC Bayern München RM Niederlande 27 Arjen Robben
95%
89 FC Bayern München LM Frankreich 28 Franck Ribery
95%
90 Manchester United CF England 25 Wayne Rooney
95%
91 FC Barcelona CM Spanien 31 Xavi
93%
89 Real Madrid GK Spanien 30 Iker Casillas
90%
87 FC Bayern München LB Deutschland 27 Philipp Lahm
90%
88 FC Arsenal ST Niederlande 27 Robin van Persie
90%
88 AC Milan ST Schweden 29 Zlatan Ibrahimovic
90%
86 FC Liverpool CF Uruguay 24 Luis Suarez
86%
87 Real Madrid CB Spanien 25 Sergio Ramos
86%
87 FC Bayern München CM Deutschland 26 Bastian Schweinsteiger
85%
85 Tottenham Hotspur LM Wales 21 Gareth Bale
85%
87 Anzhi Makhachkala ST Kamerun 30 Samuel Eto'o
85%
86 Real Madrid ST Frankreich 23 Karim Benzema
83%
86 Real Madrid CAM Deutschland 22 Mesut Özil
83%
86 FC Barcelona CB Spanien 33 Carles Puyol
81%
86 FC Chelsea ST Elfenbeinküste 33 Didier Drogba
81%
88 FC Barcelona CB Spanien 24 Gerard Pique
81%
88 Manchester City CAM Spanien 25 David Silva
80%
86 Juventus Turin GK Italien 33 Gianluigi Buffon
80%
87 Manchester City ST Argentinien 23 Sergio Aguero
80%
86 FC Bayern München ST Deutschland 25 Mario Gomez
78%
85 FC Santos CF Brasilien 19 Neymar
78%
87 Inter Mailand CAM Niederlande 27 Wesley Sneijder
78%
86 Tottenham Hotspur CAM Kroatien 25 Luka Modric
76%
87 AC Milan CB Brasilien 26 Thiago Silva
76%
86 FC Liverpool CAM England 31 Steven Gerrard
73%
86 SSC Neapel ST Uruguay 24 Edinson Cavani
71%
86 FC Barcelona RB Brasilien 28 Dani Alves
69%
87 FC Barcelona LW Spanien 29 David Villa
69%
85 Real Madrid CB Portugal 28 Pepe
69%
85 FC Barcelona CDM Spanien 22 Sergio Busquets
69%
85 Lille OSC LW Belgien 20 Eden Hazard
68%
89 Manchester United CB Serbien 29 Nemanja Vidic
68%
85 Juventus Turin CM Italien 32 Andrea Pirlo
66%
85 Real Madrid RM Argentinien 23 Angel di Maria
66%
89 FC Barcelona CAM Spanien 24 Cesc Fabregas
66%
85 Real Madrid ST Argentinien 23 Gonzalo Higuain
64%
85 FC Chelsea CB England 30 John Terry
64%
85 FC Barcelona RW Chile 22 Alexis Sanchez
63%
85 Atletico Madrid ST Kolumbien 25 Radamel Falcao
63%
85 Manchester City CM Elfenbeinküste 28 Yaya Toure
63%
85 Real Madrid CAM Brasilien 29 Kaka
61%
85 Manchester City CB Belgien 25 Vincent Kompany
61%
86 Manchester United LM Portugal 24 Nani
59%
86 Real Madrid CM Spanien 29 Xabi Alonso
59%
86 Olympique Lyon GK Frankreich 24 Hugo Lloris
58%
86 Manchester City ST Argentinien 27 Carlos Tevez
56%
85 FC Barcelona CB Argentinien 27 Javier Mascherano
56%
85 FC Barcelona GK Spanien 29 Victor Valdes
56%
85 Inter Mailand GK Brasilien 31 Julio Cesar
53%
85 Inter Mailand RB Brasilien 29 Maicon
49%
85 FC Chelsea LB England 30 Ashley Cole
47%
85 Manchester City CAM Frankreich 24 Samir Nasri
47%
85 FC Liverpool GK Spanien 28 Pepe Reina
44%
86 Tottenham Hotspur CAM Niederlande 28 Rafael van der Vaart
44%
86 Udinese Calcio ST Italien 33 Antonio di Natale
36%
85 SSC Neapel LW Argentinien 26 Ezequiel Lavezzi
25%
86 FC Chelsea LW Spanien 23 Juan Mata
25%
Keine übereinstimmenden Quizze gefunden
Verteilung der Resultate
Anzahl Personen mit jedem Resultat
Perzentil nach korrekt beantworteten Fragen
Ihre Resultats-Entwicklung
Sie haben dieses Quiz noch nicht gespielt